Statistiken für Schlagerlieder der 1960er

Klicken Sie hier um das Quiz zu spielen!

Allgemein

  • Dieses Quiz wurde 134 mal gespielt
  • Das Durchschnittsergebnis liegt bei 6 aus 16

Antwortstatistiken

HintAntwort% Korrekt
Dam dam. Dam dam.Marmor, Stein und Eisen bricht
90%
Ich will lieber einen Mann.Ich will keine Schokolade
73%
So siehst du in meinen schönsten Träumen aus.Ganz in Weiss
55%
Weil schon morgen dein Herz darüber lachtLiebeskummer lohnt sich nicht
53%
Mama sagt, nun wird es Zeit. Du brauchst 'nen Mann, und zwar noch heut.Ich will 'nen Cowboy als Mann
52%
O Tina, o Marina, wenn wir uns einmal wiedersehn.Zwei kleine Italiener
51%
Doch dass ich so verliebt bin, das liegt an Madeleine.Kalkutta liegt am Ganges
41%
Ich bin ein Mädchen aus Piräus.Ein Schiff wird kommen
39%
Schöner Playboy, du wirst nie ein Cowboy sein.Wärst du doch in Düsseldorf geblieben
32%
Über Rio und Schanghai. Über Bali und Hawaii.Seemann (deine Heimat ist das Meer)
26%
Seit wann habt ihr euch lieb du und Papa?Schuld war nur der Bossa Nova
23%
Schwarzer Tino, deine Mina war dem Rocco schon im Wort.Heisser Sand
20%
Und am Abend träumen sie von ...Santo Domingo
17%
Und ewig fliesst die Seine, und ewig ist l'amour.Hinter den Kulissen von Paris
13%
Das war der schönste Tanz.Arrivederci Hans
5%
La-la-la-la la-la-la-la-la laaaaEin Student aus Uppsala
3%

Verteilung der Resultate

Perzentil nach korrekt beantworteten Fragen

Anzahl Personen mit jedem Resultat

Ihre Resultats-Entwicklung

Sie haben dieses Quiz noch nicht gespielt